| 000 | 00419nam a2200193Ia 4500 | ||
|---|---|---|---|
| 003 | IT-RoPAU | ||
| 008 | 120407s9999 xx 000 0 und d | ||
| 040 | _aIT-RoPAU | ||
| 040 | _cIT-RoPAU | ||
| 245 | _aLe religioni non cristiane nel Vaticano II | ||
| 245 | _cAA.VV. | ||
| 250 | _aTorino | ||
| 260 | _aElle Di Ci | ||
| 300 | _c cm | ||
| 490 | _v1 | ||
| 600 | _auna copia a parte | ||
| 942 | _cBK | ||
| 999 |
_c5838 _d5838 |
||